国・地域名の中国語表記 - Statistics

General Stats
  • This quiz has been taken 87 times
  • The average score is 50 of 230
Answer Stats
Hint Answer % Correct
印度 インド
91%
日本 日本
91%
朝鲜 北朝鮮
86%
印度尼西亚 インドネシア
86%
中国香港 香港
84%
韩国 韓国
75%
中国台湾 台湾
75%
中华人民共和国 中華人民共和国
74%
蒙古 モンゴル
71%
英国 イギリス
65%
泰国 タイ
64%
阿富汗 アフガニスタン
62%
中国澳门 マカオ
61%
越南 ベトナム
59%
伊拉克 イラク
57%
不丹 ブータン
55%
伊朗 イラン
54%
新加坡 シンガポール
54%
土耳其 トルコ
52%
葡萄牙 ポルトガル
52%
西班牙 スペイン
52%
赤道几内亚 赤道ギニア
49%
利比亚 リビア
45%
意大利 イタリア
45%
巴基斯坦 パキスタン
43%
乌兹别克斯坦 ウズベキスタン
43%
毛里塔尼亚 モーリタニア
43%
美国 アメリカ
43%
吉尔吉斯斯坦 キルギス
42%
土库曼斯坦 トルクメニスタン
42%
哈萨克斯坦 カザフスタン
41%
塔吉克斯坦 タジキスタン
41%
几内亚 ギニア
39%
法国 フランス
39%
奥地利 オーストリア
39%
马来西亚 マレーシア
38%
几内亚比绍 ギニアビサウ
38%
马里 マリ
38%
德国 ドイツ
38%
毛里求斯 モーリシャス
35%
智利 チリ
35%
瑞典 スウェーデン
33%
加拿大 カナダ
33%
缅甸 ミャンマー
32%
加那利群岛 カナリア諸島
32%
南苏丹共和国 南スーダン
32%
爱尔兰 アイルランド
32%
冰岛 アイスランド
32%
澳大利亚 オーストラリア
32%
埃及 エジプト
30%
希腊 ギリシャ
30%
以色列 イスラエル
29%
菲律宾 フィリピン
29%
马达加斯加 マダガスカル
29%
摩洛哥 モロッコ
29%
老挝 ラオス
28%
马拉维 マラウイ
28%
安道尔 アンドラ
28%
瑞士 スイス
28%
沙特阿拉伯 サウジアラビア
26%
加纳 ガーナ
26%
多米尼加共和国 ドミニカ共和国
26%
墨西哥 メキシコ
26%
苏丹 スーダン
25%
阿尔巴尼亚 アルバニア
25%
波兰 ポーランド
25%
拉脱维亚 ラトビア
25%
基里巴斯 キリバス
25%
安哥拉 アンゴラ
23%
芬兰 フィンランド
23%
爱沙尼亚 エストニア
23%
立陶宛 リトアニア
23%
乌克兰 ウクライナ
23%
黎巴嫩 レバノン
22%
尼泊尔 ネパール
22%
斯里兰卡 スリランカ
22%
也门共和国 イエメン
22%
纳米比亚 ナミビア
22%
圣多美和普林西比 サントメ・プリンシペ
22%
坦桑尼亚 タンザニア
22%
马耳他 マルタ
22%
罗马尼亚 ルーマニア
22%
海地 ハイチ
22%
马绍尔群岛共和国 マーシャル諸島
22%
柬埔寨 カンボジア
20%
约旦 ヨルダン
20%
阿曼 オマーン
20%
卡塔尔 カタール
20%
肯尼亚 ケニア
20%
利比里 リベリア
20%
尼日尔 ニジェール
20%
乌干达 ウガンダ
20%
斯洛文尼亚 スロベニア
20%
新西兰 ニュージーランド
20%
巴林 バーレーン
19%
东帝汶 東ティモール
19%
中非 中央アフリカ
19%
冈比亚 ガンビア
19%
莫桑比克 モザンビーク
19%
索马里 ソマリア
19%
南非 南アフリカ
19%
多哥 トーゴ
19%
赞比亚 ザンビア
19%
摩纳哥 モナコ
19%
白俄罗斯 ベラルーシ
19%
俄罗斯 ロシア
19%
捷克 チェコ
19%
斯洛伐克 スロバキア
19%
多米尼克 ドミニカ国
19%
叙利亚 シリア
17%
阿尔及利亚 アルジェリア
17%
亚美尼亚 アルメニア
17%
克罗地亚 クロアチア
17%
秘鲁 ペルー
17%
萨摩亚 サモア
17%
孟加拉国 バングラデシュ
16%
科威特 クウェート
16%
马尔代夫 モルディブ
16%
巴勒斯坦 パレスチナ
16%
埃塞俄比亚 エチオピア
16%
加蓬 ガボン
16%
尼日利亚 ナイジェリア
16%
突尼斯 チュニジア
16%
保加利亚 ブルガリア
16%
阿塞拜疆 アゼルバイジャン
16%
黑山 モンテネグロ
16%
尼加拉瓜 ニカラグア
16%
巴拿马 パナマ
16%
苏里南 スリナム
16%
巴布亚新几内亚 パプアニューギニア
16%
密克罗尼西亚 ミクロネシア
16%
卢旺达 ルワンダ
14%
布基纳法索 ブルキナファソ
14%
津巴布韦 ジンバブエ
14%
厄立特里亚 エリトリア
14%
挪威 ノルウェー
14%
格鲁吉亚 ジョージア
14%
巴哈马 バハマ
14%
哥伦比亚 コロンビア
14%
汤加 トンガ
14%
文莱 ブルネイ
13%
吉布提 ジブチ
13%
刚果(金) コンゴ民主共和国
13%
斯威士兰 エスワティニ
13%
荷兰 オランダ
13%
匈牙利 ハンガリー
13%
摩尔多瓦 モルドバ
13%
安提瓜和巴布达 アンティグア・バーブーダ
13%
巴巴多斯 バルバドス
13%
玻利维亚 ボリビア
13%
开曼群岛 ケイマン諸島
13%
哥斯达黎加 コスタリカ
13%
巴拉圭 パラグアイ
13%
特立尼达和多巴哥 トリニダード・トバゴ
13%
帕劳共和国 パラオ
13%
法属波利尼西亚 フランス領ポリネシア
13%
阿联酋 アラブ首長国連邦
12%
刚果(布) コンゴ共和国
12%
科特迪瓦共和国 コートジボワール
12%
西撒哈拉 西サハラ
12%
阿鲁巴岛 アルバ島
12%
巴西 ブラジル
12%
古巴 キューバ
12%
库克群岛 クック諸島
12%
斐济 フィジー
12%
图瓦卢 ツバル
12%
塞浦路斯 キプロス
10%
博茨瓦那 ボツワナ
10%
布隆迪 ブルンジ
10%
塞内加尔 セネガル
10%
莱索托 レソト
10%
丹麦 デンマーク
10%
法罗群岛 フェロー諸島
10%
法属圭亚那 フランス領ギアナ
10%
圭亚那 ガイアナ
10%
洪都拉斯 ホンジュラス
10%
圣文森特和格林纳丁斯 セントビンセント及びグレナディーン諸島
10%
乌拉圭 ウルグアイ
10%
所罗门群岛 ソロモン諸島
10%
卢森堡 ルクセンブルク
9%
塞尔维亚 セルビア
9%
格林纳达 グレナダ
9%
委内瑞拉 ベネズエラ
9%
瑙鲁 ナウル
9%
贝宁 ベナン
7%
喀麦隆 カメルーン
7%
直布罗陀 ジブラルタル
7%
列支敦士登 リヒテンシュタイン
7%
梵蒂冈城国 バチカン市国
7%
危地马拉 グアテマラ
7%
牙买加 ジャマイカ
7%
蒙特塞拉特 モントセラト
7%
新喀里多 ニューカレドニア
7%
乍得 チャド
6%
科摩罗 コモロ
6%
塞舌尔 セーシェル
6%
圣马力诺 サンマリノ
6%
波黑 ボスニア・ヘルツェゴヴィナ
6%
阿根廷 アルゼンチン
6%
伯利兹 ベリーズ
6%
萨巴 サバ島
6%
瓦努阿图 バヌアツ
6%
马约特岛 マヨット
4%
马其顿 北マケドニア
4%
马提尼克岛 マルティニーク島
4%
圣卢西亚 セントルシア
4%
英属维尔京群岛 イギリス領バージン諸島
4%
圣其茨-尼维斯 セントクリストファー・ネイビス
4%
格陵兰 グリーンランド
4%
诺福克岛 ノーフォーク島
4%
瓦利斯和浮图纳 ウォリス・フツナ
4%
佛得角 カーボベルデ
3%
塞拉利昂 シエラレオネ
3%
博内尔 ボネール島
3%
厄瓜多尔 エクアドル
3%
圣马丁岛 セント・マーチン島
3%
荷属安地列斯群岛 オランダ領アンティル
3%
百慕大群岛 バミューダ諸島
3%
社会群岛 ソシエテ諸島
3%
塞卜泰(休达) セウタ
1%
比利时 ベルギー
1%
库腊索岛 キュラソー島
1%
波多黎各 プエルトリコ
1%
萨尔瓦多 エルサルバドル
1%
特克斯和凯科斯群岛 タークス・カイコス諸島
1%
留尼汪 レユニオン
0%
梅利利亚 メリリャ
0%
瓜德罗普岛 グアドループ島
0%
盖比群岛 ガンビア諸島
0%
土布艾群岛 オーストラル諸島
0%
No matching quizzes found
Score Distribution
Percent of People with Each Score
Percentile by Number Answered
Your Score History
You have not taken this quiz